000 00405nam a2200169Ia 4500
008 230524s9999 xx 000 0 und d
020 _a9788120338197
082 _a5.1
_bMAL
100 _aRajib Mall
245 0 _aFundamentals of Software Engineering
250 _a2ND
260 _aNEW DELHI
_bPHI
_c2004
300 _aXII;336
500 _aQuantity Number: 157
650 _aComp-Sc
942 _cBK
999 _c27967
_d27967